00940nam a2200193Ia 4500008004100000020001500041022001500056040001300071082001700084100002200101245022400123260005600347300003100403500008000434650005400514650001400568650008500582710007900667191130s2001##################000#0#eng## a9041116796 a2001281102 aACLcACL a338.6094 MAI aMaisto, Guglielmo aCross-border effects of restructuring, including change of legal form : proceedings of a seminar held in Munich, Germany, in 2000 during the 54th Congress of the International Fiscal Associationcchair, Guglielmo Maisto aThe Hague ; BostonbKluwer Law Internationalcc2001 axiv, 179 p. : ill. ; 21 cm aMostly in English ; some text in Dutch, French, German, Italian and Spanish aCorporate reorganizations - Taxation - Congresses aEconomics aInternational business enterprises - Taxation - Law and legislation - Congresses aInternational Fiscal Association. Congress (54th : 2000 : Munich, Germany)